Economic base development in rural regions in the Slovak Republic

Rozvoj podnikateľských aktivít je nižší v typicky vidieckych regiónoch ako v prechodných regiónoch. V ekonomickej základni vidieckych regiónov dominujú skôr fyzické osoby, ktoré reprezentujú malých a stredných podnikateľov. Najvyššiu zamestnanosť zabezpečujú odvetvia s nízkou pridanou hodnotou, poľn...

Ausführliche Beschreibung

Gespeichert in:
Bibliographische Detailangaben
1. Verfasser: Gecíková, Ivana
Weitere Verfasser: Papcunová, Viera, Balážová, Eva
Format: Buchkapitel
Sprache:Englisch
Schlagworte:
Tags: Tag hinzufügen
Keine Tags, Fügen Sie das erste Tag hinzu!

MARC

LEADER 00000naa a2200000 4500
001 0119514
005 20231018092334.2
041 0 |a eng 
044 |a SK 
245 1 0 |a Economic base development in rural regions in the Slovak Republic  |c Ivana Gecíková, Viera Papcunová, Eva Balážová 
520 |a Rozvoj podnikateľských aktivít je nižší v typicky vidieckych regiónoch ako v prechodných regiónoch. V ekonomickej základni vidieckych regiónov dominujú skôr fyzické osoby, ktoré reprezentujú malých a stredných podnikateľov. Najvyššiu zamestnanosť zabezpečujú odvetvia s nízkou pridanou hodnotou, poľnohospodárstvo a lesníctvo. Možnosti rozvoja služieb vo vidieckych regiónoch. 
610 2 0 |a vidiek 
610 2 0 |a základňa ekonomická 
610 2 0 |a Slovensko 
100 1 |a Gecíková, Ivana 
700 1 |a Papcunová, Viera 
700 1 |a Balážová, Eva